000 00451nam a2200193Ia 4500
005 20240823035124.0
008 240823s9999||||xx |||||||||||||| ||und||
020 _a978-1-4088-2823-6
041 _aENGLISH
082 _A362.556092 Q2
100 _aRye Barcott
245 0 _aIt Happened on the way to war
250 _a1st
260 _c2012
_b"Prism Books,Ban"
500 _aYES
650 _aNovel
_bEnglish
942 _cBK
999 _c199931
_d199931